Guess the Fortnite YouTuber/Pro from the Skin - Statistics

General Stats
  • This quiz has been taken 212 times
  • The average score is 8 of 12
Answer Stats
Picture Answer % Correct
Nickeh30
89%
Clix
82%
Lachlan
78%
Lazarbeam
77%
Tfue
77%
Fresh
72%
SypherPK
70%
McCreamy
69%
Fearless
60%
Peterbot
44%
TimTheTatman
37%
Replays
16%
No matching quizzes found
Score Distribution
Percent of People with Each Score
Percentile by Number Answered
Your Score History
You have not taken this quiz